| 000 | 00372nam a22001697a 4500 | ||
|---|---|---|---|
| 003 | OSt | ||
| 005 | 20240321151839.0 | ||
| 008 | 170916b xxu||||| |||| 00| 0 eng d | ||
| 020 | _a978-9353067038 | ||
| 040 | _cSEROSOFT | ||
| 100 | _aROBBINS,S.P | ||
| 245 | _aORGANIZATION BEHAVIOR | ||
| 250 | _a16 | ||
| 260 |
_aNEW DELHI _bPERSON |
||
| 300 | _a690 | ||
| 942 |
_2ddc _c01 |
||
| 999 |
_c40513 _d40513 |
||